000
00287 a2200121 4500
000
nam a22 7a 4500
005
20260130123353.0
020
_a
9781836590934
100
_a
Marissa Carter
_9
1112952
245
_a
Cultural Psychology
260
_b
Edtech Press
_c
2026
942
_c
TEXL
999
_c
1678422
_d
1678422